Geography Quiz

Random Geography or City Quiz

Russian Subway Metro Maps Quiz Stats

Quiz not verified by Sporcle

Challenge
Share
Tweet
Score 0/7 Timer 03:00
0 Plays Today
% Correct
Moscow
97.3%
Saint Petersburg
88.2%
Novosibirsk
57.3%
Samara
55.5%
Nizhny Novgorod
50.9%
Kazan
50.9%
Yekaterinburg
50%

You're not logged in!

Compare scores with friends on all Sporcle quizzes.
Join for Free
OR
Log In

You Might Also Like...

Show Comments

Extras

Top Quizzes Today


Score Distribution

Your Account Isn't Verified!

In order to create a playlist on Sporcle, you need to verify the email address you used during registration. Go to your Sporcle Settings to finish the process.

Report this User

Report this user for behavior that violates our Community Guidelines.

Details: